Moody Blues Albums Tile Select - Statistics

General Stats
  • This quiz has been taken 24 times
  • The average score is 28 of 45
Answer Stats
Question Tile Select % Correct
the following songs that are on Days of Future Passed (1967). Nights in White Satin Yes
94%
the following songs that are on Days of Future Passed (1967). (Evening) Time to Get Away Yes
89%
the following songs that are on Days of Future Passed (1967). Forever Afternoon (Tuesday?) Yes
89%
the following songs that are on Days of Future Passed (1967). Under Moonshine No
89%
the following songs that are on Days of Future Passed (1967). Peak Hour Yes
83%
the following songs that are on Days of Future Passed (1967). Dawn Is a Feeling Yes
78%
the following songs that are on In Search of the Lost Chord (1968). Dr. Livingstone, I Presume Yes
78%
the following songs that are on Days of Future Passed (1967). In the Beginning No
78%
the following songs that are on In Search of the Lost Chord (1968). Om Yes
78%
the following songs that are on Days of Future Passed (1967). Sun Is Still Shining No
78%
the following songs that are on In Search of the Lost Chord (1968). Are You Sitting Comfortably? No
72%
the following songs that are on Days of Future Passed (1967). Dawning Is the Day No
72%
the following songs that are on In Search of the Lost Chord (1968). Legend of a Mind Yes
72%
the following songs that are on In Search of the Lost Chord (1968). Ride My See-Saw Yes
72%
the following songs that are on In Search of the Lost Chord (1968). The Voyage No
72%
the following songs that are on To Our Children's Children's Children (1969). Candle of Life Yes
67%
the following songs that are on To Our Children's Children's Children (1969). Gypsy (Of a Strange and Distant Time) Yes
67%
the following songs that are on In Search of the Lost Chord (1968). Lovely to See You No
67%
the following songs that are on In Search of the Lost Chord (1968). Never Comes the Day No
67%
the following songs that are on Every Good Boy Deserves Favour (1971). Question No
67%
the following songs that are on To Our Children's Children's Children (1969). Higher and Higher Yes
61%
the following songs that are on To Our Children's Children's Children (1969). House of Four Doors No
61%
the following songs that are on Seventh Sojourn (1972). I'm Just a Singer (In a Rock and Roll Band) Yes
61%
the following songs that are on Seventh Sojourn (1972). Isn't Life Strange Yes
61%
the following songs that are on To Our Children's Children's Children (1969). Voices in the Sky No
61%
the following songs that are on To Our Children's Children's Children (1969). Watching and Waiting Yes
61%
the following songs that are on Every Good Boy Deserves Favour (1971). And the Tide Rushes In No
56%
the following songs that are on Seventh Sojourn (1972). Driftwood No
56%
the following songs that are on Seventh Sojourn (1972). Gemini Dream No
56%
the following songs that are on Every Good Boy Deserves Favour (1971). It's Up to You No
56%
the following songs that are on Seventh Sojourn (1972). New Horizons Yes
56%
the following songs that are on Seventh Sojourn (1972). Steppin' in a Slide Zone No
56%
the following songs that are on Every Good Boy Deserves Favour (1971). The Story in Your Eyes Yes
56%
the following songs that are on Every Good Boy Deserves Favour (1971). One More Time to Live Yes
50%
the following songs that are on To Our Children's Children's Children (1969). Out and In Yes
50%
the following songs that are on To Our Children's Children's Children (1969). The Best Way to Travel No
50%
the following songs that are on In Search of the Lost Chord (1968). Visions of Paradise Yes
50%
the following songs that are on To Our Children's Children's Children (1969). Beyond Yes
44%
the following songs that are on Every Good Boy Deserves Favour (1971). Melancholy Man No
44%
the following songs that are on Seventh Sojourn (1972). Talking Out of Turn No
44%
the following songs that are on Seventh Sojourn (1972). Lost in a Lost World Yes
39%
the following songs that are on Every Good Boy Deserves Favour (1971). Procession Yes
39%
the following songs that are on Every Good Boy Deserves Favour (1971). You Can Never Go Home Yes
39%
the following songs that are on Seventh Sojourn (1972). For My Lady Yes
33%
the following songs that are on Every Good Boy Deserves Favour (1971). Minstrel's Song No
28%
No matching quizzes found
Score Distribution
Percent of People with Each Score
Percentile by Number Answered
Your Score History
You have not taken this quiz